Adicción a la redes sociales y su influencia en el bienestar psicológico en estudiantes de 5to. de Secundaria del Colegio Juan Evo Morales Ayma de Tupiza (Registro nro. 9699)

000 -CABECERA (24)
Campo de control interno 02510nam a22002894a 4500
003 - IDENTIFICADOR DE CONTROL
Campo control BOLpUSFA
008 - ELEMENTOS DE LONGITUD FIJA - INFORMACIÓN GENERAL
Campo de control de longitud fija t bo gr 000 f spa d
040 ## - Origen de la Catalogacion
Origen de la Catalogacion BOLpUSFA
041 ## - Código de idioma (R)
Código de lengua del texto/banda sonora o título independiente (R) spa
044 ## - Código de país de la publicación
Codigo de pais MARC BO
082 ## - Número de la Clasificación Decimal Dewey
Número de la Clasificación Decimal Dewey PSI0020
Codigo Cutter Or77a T
100 ## - Autor Personal
Autor Personal Ortega Jorge, Evelyn Roxana
245 ## - Titulo
Titulo Adicción a la redes sociales y su influencia en el bienestar psicológico en estudiantes de 5to. de Secundaria del Colegio Juan Evo Morales Ayma de Tupiza
260 ## - Editorial
Ciudad La Paz:
Nombre de la Editorial Universidad Privada San Francisco de Asís. Carrera de Psicología,
Fecha 2025
300 ## - Descripcion
Extension 136 p.
502 ## - Nota de Tesis
Nota de Tesis Modalidad: Tesis de Grado - <br/>Tutor: Lic. Roxana Leocadia Cabrera Colque
520 ## - Resumen
Resumen La presente investigación tuvo como propósito analizar la influencia de la <br/>adicción a las redes sociales en el bienestar psicológico de los estudiantes de quinto <br/>de secundaria de la Unidad Educativa Juan Evo Morales Ayma de Tupiza. <br/><br/>El estudio utilizó un enfoque cuantitativo, con diseño no experimental, de tipo correlacional y <br/>corte transversal. La muestra válida para los análisis fue de 82 estudiantes de <br/>ambos sexos y se emplearon como instrumentos la Escala de Adicción a Redes <br/>Sociales (Escurra & Salas, 2014) y la Escala de Bienestar Psicológico (Ryff). <br/><br/>Los resultados muestran que la mayoría de los estudiantes presenta niveles <br/>bajos y moderados de adicción a las redes sociales. En cuanto al bienestar <br/>psicológico, predominan los niveles bajos y moderados, mientras que solo una <br/>minoría alcanza niveles altos y elevados. Al relacionar ambas variables, se <br/>evidenció que no existe una asociación estadísticamente significativa entre la <br/>adicción a redes sociales y el bienestar psicológico. <br/><br/>A pesar de ello, los hallazgos reflejan la importancia de atender el impacto <br/>que el uso excesivo de redes sociales puede tener en la vida de los adolescentes, <br/>resaltando la necesidad de fortalecer estrategias educativas y preventivas <br/>orientadas a promover un uso saludable de las redes sociales y un adecuado <br/>desarrollo emocional. <br/><br/>Palabras clave: Adicción a redes sociales, bienestar psicológico, <br/>adolescentes. <br/>
650 ## - Temas - Descriptores
Temas - Descriptores Psicología
650 ## - Temas - Descriptores
Temas - Descriptores Tesis de Grado
650 ## - Temas - Descriptores
Temas - Descriptores Adicciones
650 ## - Temas - Descriptores
Temas - Descriptores Redes sociales
650 ## - Temas - Descriptores
Temas - Descriptores Educación secundaria
650 ## - Temas - Descriptores
Temas - Descriptores Bienestar psicológico
651 ## - Punto de acceso adicional de materia - Nombre geográfico (R)
Nombre geográfico (NR) Potosí
651 ## - Punto de acceso adicional de materia - Nombre geográfico (R)
Nombre geográfico (NR) Tupiza
942 ## - ELEMENTOS DE KOHA
Esquema de Clasificaci
Tipo de Documento Tesis
Catalogador LLO
Existencias
Retirado (estado) Perdido (estado) Fuente de Clasificacion Deterioro (estado) Prestamo Coleccion Ubicacion permanente Ubicacion actual Fondo Fecha de adquisicion Origen de adquisicion Prestamos Signatura Topografica Codigo de barras Ultima fecha de verificacion Price effective from Tipo de Item
No Dañado Disponible   No Dañado Disponible Tesis Biblioteca USFA Tupiza Biblioteca USFA Tupiza Colección Tesis 04/15/2026 Depósito   PSI0020 Or77a T BTZ00906 04/15/2026 04/15/2026 Tesis

Universidad Privada San Francisco de Asis (USFA)
Sopocachi, av. 20 de octubre esq. Belisario Salinas No.397 (Plaza Abaroa)
Telf.fax (+591-2) 2443773
info@usfa.edu.bo